[Event "Keres mem (29th)"]
[Site "Vancouver CAN"]
[Date "2004.05.23"]
[Round "4.6"]
[White "Angelvette, Duane"]
[Black "Davies, Lucas"]
[Result "0-1"]
[WhiteElo "1686"]
[BlackElo "2115"]
[PlyCount "82"]
[GameId "2160767911145801"]
[EventDate "2004.05.21"]
[EventType "swiss"]
[EventRounds "7"]
[EventCountry "CAN"]
[SourceTitle "LesEchecs.com"]
[Source "LesEchecs.com"]
[SourceDate "2003.03.18"]
[SourceVersion "1"]
[SourceVersionDate "2003.01.01"]
[SourceQuality "1"]

1. e4 c6 2. d4 d5 3. exd5 cxd5 4. c4 Nf6 5. Nc3 e6 6. Nf3 Bb4 7. cxd5 Nxd5 8. Bd2 O-O 9. a3 Bxc3 10. bxc3 Nc6 11. Bd3 b6 12. O-O Bb7 13. Re1 Rc8 14. Re4 Nce7 15. Rh4 Ng6 16. Bxg6 hxg6 17. Ng5 Nf6 18. Qe1 Qd5 19. f3 Rfe8 20. Qg3 Qf5 21. Re1 Ba6 22. Re5 Qd3 23. Qf2 Nd5 24. Re1 Nxc3 25. Bf4 Rc6 26. Be5 Nd5 27. Rh8+ Kxh8 28. Qh4+ Kg8 29. Qh7+ Kf8 30. Qxg7+ Ke7 31. Qxf7+ Kd8 32. Qxa7 Re7 33. Qb8+ Bc8 34. Ne4 Rb7 35. Qa8 Rc2 36. Qa4 b5 37. Qa8 Ra2 38. Nd6 Qc2 39. Nxb7+ Ke7 40. Bd6+ Kf7 41. Nd8+ Kg8 0-1

[Event "Keres mem (29th)"]
[Site "Vancouver CAN"]
[Date "2004.05.23"]
[Round "4.7"]
[White "Meng, Fanhao"]
[Black "Sladek, Vaclav"]
[Result "1/2-1/2"]
[WhiteElo "2300"]
[BlackElo "2000"]
[PlyCount "64"]
[GameId "2160767911145802"]
[EventDate "2004.05.21"]
[EventType "swiss"]
[EventRounds "7"]
[EventCountry "CAN"]
[SourceTitle "LesEchecs.com"]
[Source "LesEchecs.com"]
[SourceDate "2003.03.18"]
[SourceVersion "1"]
[SourceVersionDate "2003.01.01"]
[SourceQuality "1"]

1. e4 c5 2. c3 Nf6 3. e5 Nd5 4. d4 cxd4 5. Nf3 e6 6. cxd4 Nc6 7. Nc3 d6 8. exd6 Qxd6 9. a3 Be7 10. Bd3 Nxc3 11. bxc3 e5 12. Bb2 exd4 13. cxd4 Be6 14. O-O O-O 15. Qd2 h6 16. Rad1 Bd5 17. Bb1 Rad8 18. Qd3 g6 19. Ne5 Nxe5 20. dxe5 Qb6 21. Qe2 Be6 22. Be4 Qb3 23. Rxd8 Rxd8 24. Rb1 Bc4 25. Qe1 Be6 26. h3 b5 27. Qc1 Qc4 28. Bf3 Bg5 29. Qxc4 Bxc4 30. Rd1 Rxd1+ 31. Bxd1 Bd2 32. Bd4 a5 1/2-1/2

[Event "Keres mem (29th)"]
[Site "Vancouver CAN"]
[Date "2004.05.25"]
[Round "4.8"]
[White "Fullbrook, Nigel"]
[Black "Yousefzadeh, Mehrdad"]
[Result "0-1"]
[WhiteElo "2157"]
[BlackElo "1987"]
[PlyCount "44"]
[GameId "2160767911145803"]
[EventDate "2004.05.21"]
[EventType "swiss"]
[EventRounds "7"]
[EventCountry "CAN"]
[SourceTitle "LesEchecs.com"]
[Source "LesEchecs.com"]
[SourceDate "2003.03.18"]
[SourceVersion "1"]
[SourceVersionDate "2003.01.01"]
[SourceQuality "1"]

1. e4 Nf6 2. e5 Nd5 3. d4 d6 4. f4 dxe5 5. fxe5 Nc6 6. c4 Nb6 7. Be3 Bf5 8. Nc3 e6 9. Be2 Qd7 10. Nf3 O-O-O 11. O-O Bg4 12. c5 Nd5 13. Nxd5 Qxd5 14. h3 Bh5 15. g4 Bg6 16. Qa4 Qe4 17. Qa3 Be7 18. b4 Rxd4 19. b5 Bxc5 20. Qxc5 Qxe3+ 21. Kh1 b6 22. Qxc6 Be4 0-1

[Event "Keres mem (29th)"]
[Site "Vancouver CAN"]
[Date "2004.05.23"]
[Round "4.9"]
[White "Steininger, Gavin"]
[Black "Schuetzhold, Ralf"]
[Result "1/2-1/2"]
[WhiteElo "1951"]
[BlackElo "2077"]
[PlyCount "44"]
[GameId "2160767911145804"]
[EventDate "2004.05.21"]
[EventType "swiss"]
[EventRounds "7"]
[EventCountry "CAN"]
[SourceTitle "LesEchecs.com"]
[Source "LesEchecs.com"]
[SourceDate "2003.03.18"]
[SourceVersion "1"]
[SourceVersionDate "2003.01.01"]
[SourceQuality "1"]

1. e4 e6 2. d4 d5 3. Nc3 Bb4 4. e5 c5 5. a3 Bxc3+ 6. bxc3 Ne7 7. Qg4 Qc7 8. Qxg7 Rg8 9. Qxh7 cxd4 10. Ne2 dxc3 11. f4 Bd7 12. Qd3 Nbc6 13. Qxc3 Rc8 14. g3 Nf5 15. Bh3 Nfe7 16. Be3 d4 17. Nxd4 Nd5 18. Qd2 Nxe3 19. Qxe3 Qa5+ 20. c3 Nxd4 21. Qxd4 Rxc3 22. O-O Bc6 1/2-1/2

[Event "Keres mem (29th)"]
[Site "Vancouver CAN"]
[Date "2004.05.23"]
[Round "4.10"]
[White "Burke, Paul"]
[Black "Collins, Casey"]
[Result "1-0"]
[WhiteElo "2019"]
[BlackElo "1685"]
[PlyCount "39"]
[GameId "2160767911145805"]
[EventDate "2004.05.21"]
[EventType "swiss"]
[EventRounds "7"]
[EventCountry "CAN"]
[SourceTitle "LesEchecs.com"]
[Source "LesEchecs.com"]
[SourceDate "2003.03.18"]
[SourceVersion "1"]
[SourceVersionDate "2003.01.01"]
[SourceQuality "1"]

1. e4 e5 2. Nc3 Nf6 3. f4 d6 4. Nf3 Bg4 5. h3 Bxf3 6. Qxf3 Nc6 7. Bb5 a6 8. Bxc6+ bxc6 9. fxe5 dxe5 10. O-O Qd4+ 11. Kh1 Bb4 12. d3 Bxc3 13. bxc3 Qxc3 14. Bg5 O-O-O 15. Bxf6 gxf6 16. Qxf6 Qxc2 17. Rac1 Qxd3 18. Qxc6 Qd6 19. Qc4 f6 20. Rxf6 1-0

[Event "Keres mem (29th)"]
[Site "Vancouver CAN"]
[Date "2004.05.23"]
[Round "4.11"]
[White "Neufahrt, Gerhard"]
[Black "Krzyzowski, Ernest"]
[Result "1-0"]
[WhiteElo "2052"]
[BlackElo "1708"]
[PlyCount "105"]
[GameId "2160767911145806"]
[EventDate "2004.05.21"]
[EventType "swiss"]
[EventRounds "7"]
[EventCountry "CAN"]
[SourceTitle "LesEchecs.com"]
[Source "LesEchecs.com"]
[SourceDate "2003.03.18"]
[SourceVersion "1"]
[SourceVersionDate "2003.01.01"]
[SourceQuality "1"]

1. Nf3 f5 2. d4 Nf6 3. Bf4 e6 4. e3 Be7 5. Nc3 O-O 6. d5 d6 7. dxe6 Bxe6 8. Ng5 Qd7 9. b3 c6 10. Bxd6 Bxd6 11. Nxe6 Bb4 12. Bc4 Bxc3+ 13. Ke2 Nd5 14. Nxf8 Kxf8 15. Rb1 Ba5 16. Bxd5 cxd5 17. Qd3 Nc6 18. c3 Rd8 19. Rbd1 Qe6 20. Kf1 Qf6 21. Rc1 Bb6 22. h4 h5 23. g3 Ne5 24. Qe2 Ng4 25. Kg2 Qc6 26. Qf3 g6 27. Kh3 Re8 28. Rhd1 Qe6 29. Kg2 Nf6 30. c4 dxc4 31. Rxc4 Ne4 32. Qf4 Kg7 33. f3 Nf6 34. e4 fxe4 35. fxe4 Qe5 36. Kf3 Qxf4+ 37. gxf4 Rd8 38. Rxd8 Bxd8 39. e5 Ng4 40. Rd4 Bxh4 41. Rd7+ Kf8 42. Rxb7 Bf2 43. b4 Bd4 44. a4 Ne3 45. a5 h4 46. b5 Nc4 47. b6 a6 48. Rb8+ Kg7 49. b7 Nxe5+ 50. fxe5 Bxe5 51. Rc8 h3 52. b8=Q Bxb8 53. Rxb8 1-0

[Event "Keres mem (29th)"]
[Site "Vancouver CAN"]
[Date "2004.05.23"]
[Round "4.12"]
[White "Mandic, Slaven"]
[Black "Fletcher, Christopher"]
[Result "1-0"]
[WhiteElo "1970"]
[BlackElo "1689"]
[PlyCount "97"]
[GameId "2160767911145807"]
[EventDate "2004.05.21"]
[EventType "swiss"]
[EventRounds "7"]
[EventCountry "CAN"]
[SourceTitle "LesEchecs.com"]
[Source "LesEchecs.com"]
[SourceDate "2003.03.18"]
[SourceVersion "1"]
[SourceVersionDate "2003.01.01"]
[SourceQuality "1"]

1. f4 Nf6 2. e3 b6 3. Nf3 Bb7 4. b3 e6 5. Bb2 c5 6. a3 Be7 7. Bd3 d6 8. O-O O-O 9. Nc3 a6 10. Ne2 Nbd7 11. c4 Ne4 12. Bc2 Bf6 13. d4 Qc7 14. Rb1 Be7 15. d5 Ndf6 16. Bxf6 Nxf6 17. e4 Ng4 18. Qd3 exd5 19. cxd5 g6 20. Ng3 c4 21. Qxc4 Qxc4 22. bxc4 Ne3 23. Rfc1 Nxc4 24. Bd3 Nxa3 25. Rb3 Nb5 26. Bxb5 axb5 27. Rc7 Ra1+ 28. Kf2 Bxd5 29. exd5 Ra2+ 30. Ne2 Bd8 31. Rd7 Re8 32. Re3 Kf8 33. Ng5 Bxg5 34. fxg5 b4 35. Rxe8+ Kxe8 36. Rxd6 Ra5 37. Rxb6 Rxd5 38. h4 f6 39. gxf6 Rf5+ 40. Kg3 Kf7 41. Rxb4 Rxf6 42. Rf4 Rxf4 43. Kxf4 Kf6 44. Nc3 Kg7 45. Ne4 Kh6 46. g4 Kg7 47. Ke5 h6 48. Ke6 h5 49. g5 1-0

[Event "Keres mem (29th)"]
[Site "Vancouver CAN"]
[Date "2004.05.23"]
[Round "4.13"]
[White "Goutor, Valentina"]
[Black "Ryan, Mark"]
[Result "1/2-1/2"]
[WhiteElo "1899"]
[BlackElo "1968"]
[PlyCount "135"]
[GameId "2160767911145808"]
[EventDate "2004.05.21"]
[EventType "swiss"]
[EventRounds "7"]
[EventCountry "CAN"]
[SourceTitle "LesEchecs.com"]
[Source "LesEchecs.com"]
[SourceDate "2003.03.18"]
[SourceVersion "1"]
[SourceVersionDate "2003.01.01"]
[SourceQuality "1"]

1. e4 c5 2. Nf3 Nc6 3. d4 cxd4 4. Nxd4 Nf6 5. Nc3 d6 6. Be2 e6 7. O-O Be7 8. Be3 a6 9. Kh1 O-O 10. f4 Qc7 11. Qe1 Bd7 12. Qg3 b5 13. Bd3 b4 14. Nce2 d5 15. e5 Ne4 16. Qf3 Nc5 17. Nxc6 Bxc6 18. Bxc5 Bxc5 19. Qh3 g6 20. Rf3 Rfc8 21. Rg3 Bb5 22. Bxb5 axb5 23. Rb3 Bf8 24. c3 Qc4 25. Nd4 Rxa2 26. Rd1 bxc3 27. Qxc3 b4 28. Qd2 Ra7 29. h3 Rac7 30. Rd3 Qa2 31. Kh2 Rc4 32. b3 Qxd2 33. R1xd2 Rc3 34. Ne2 Rxd3 35. Rxd3 Rc2 36. Nd4 Rb2 37. Kg3 Bc5 38. Nc6 Bf2+ 39. Kf3 Be1 40. g4 Rh2 41. h4 Rxh4 42. Rd1 Rh3+ 43. Ke2 Bc3 44. Kf2 Rh2+ 45. Kf3 Rb2 46. Rd3 Rc2 47. g5 Kg7 48. Kg4 h5+ 49. gxh6+ Kxh6 50. Rh3+ Kg7 51. Rd3 Be1 52. Nd4 Rg2+ 53. Kh3 Rd2 54. Rxd2 Bxd2 55. Kg4 Kf8 56. Kg5 Bc3 57. Ne2 d4 58. Nc1 Ke8 59. Nd3 Ke7 60. Nc5 Kf8 61. Nd3 Kg7 62. Nc5 Be1 63. Nd3 Bd2 64. Nc5 Kf8 65. Nd3 Ke7 66. Nc5 Bc3 67. Nd3 Kd7 68. Kf6 1/2-1/2

[Event "Keres mem (29th)"]
[Site "Vancouver CAN"]
[Date "2004.05.23"]
[Round "4.14"]
[White "Escandor, Manuel Omana"]
[Black "Daroza, Eduardo"]
[Result "0-1"]
[WhiteElo "1686"]
[BlackElo "2137"]
[PlyCount "74"]
[GameId "2160767911145809"]
[EventDate "2004.05.21"]
[EventType "swiss"]
[EventRounds "7"]
[EventCountry "CAN"]
[SourceTitle "LesEchecs.com"]
[Source "LesEchecs.com"]
[SourceDate "2003.03.18"]
[SourceVersion "1"]
[SourceVersionDate "2003.01.01"]
[SourceQuality "1"]

1. e4 e6 2. d4 d5 3. exd5 exd5 4. Nf3 Bd6 5. Bd3 Ne7 6. O-O Bg4 7. Bg5 f6 8. Bd2 Nbc6 9. c3 Qd7 10. Be3 O-O-O 11. Nbd2 g5 12. Qc2 Ng6 13. h3 Be6 14. a4 Nf4 15. Bxf4 gxf4 16. Nh4 Ne7 17. Rfe1 Rhg8 18. Kf1 Bxh3 19. Rxe7 Bxe7 20. gxh3 Qxh3+ 21. Ke2 Qxh4 22. Nf3 Qh5 23. Bf5+ Kb8 24. Qd3 Rg2 25. Rf1 Bd6 26. Kd2 Re8 27. Kc1 Re7 28. Nd2 Rg5 29. Bh3 Qg6 30. Qb5 a6 31. Qb3 Qd3 32. Rh1 Rh5 33. Rd1 Qxh3 34. Kb1 Qg2 35. Ka2 Rh1 36. f3 Rxd1 37. Qxd1 Re2 0-1

[Event "Keres mem (29th)"]
[Site "Vancouver CAN"]
[Date "2004.05.23"]
[Round "4.15"]
[White "Chan, James"]
[Black "Tegzes, Laszlo"]
[Result "1/2-1/2"]
[WhiteElo "1952"]
[BlackElo "2203"]
[PlyCount "51"]
[GameId "2160767911145810"]
[EventDate "2004.05.21"]
[EventType "swiss"]
[EventRounds "7"]
[EventCountry "CAN"]
[SourceTitle "LesEchecs.com"]
[Source "LesEchecs.com"]
[SourceDate "2003.03.18"]
[SourceVersion "1"]
[SourceVersionDate "2003.01.01"]
[SourceQuality "1"]

1. d4 Nf6 2. c4 g6 3. Nc3 Bg7 4. e4 d6 5. f3 O-O 6. Bg5 Nbd7 7. Nh3 c5 8. d5 a6 9. a4 Re8 10. Be2 Nf8 11. Nf2 e6 12. O-O h6 13. Be3 exd5 14. cxd5 b6 15. Qd2 Kh7 16. Rab1 Bd7 17. b4 Qc7 18. Rfc1 Ng8 19. a5 b5 20. bxc5 dxc5 21. Nd3 c4 22. Bb6 Qd6 23. Nc5 Be5 24. g3 Bxg3 25. hxg3 Qxg3+ 26. Kh1 1/2-1/2

[Event "Keres mem (29th)"]
[Site "Vancouver CAN"]
[Date "2004.05.23"]
[Round "5.1"]
[White "Harper, Bruce"]
[Black "Orlov, Georgi"]
[Result "0-1"]
[WhiteElo "2337"]
[BlackElo "2605"]
[PlyCount "72"]
[GameId "2160767911145811"]
[EventDate "2004.05.21"]
[EventType "swiss"]
[EventRounds "7"]
[EventCountry "CAN"]
[SourceTitle "LesEchecs.com"]
[Source "LesEchecs.com"]
[SourceDate "2003.03.18"]
[SourceVersion "1"]
[SourceVersionDate "2003.01.01"]
[SourceQuality "1"]

1. d4 Nf6 2. Nf3 d6 3. Nc3 g6 4. e4 Bg7 5. Be2 O-O 6. O-O c6 7. h3 Qc7 8. a4 e5 9. dxe5 dxe5 10. Be3 Nh5 11. Qc1 Nf4 12. Bc4 Be6 13. Bxe6 Nxe6 14. Bh6 Na6 15. Bxg7 Kxg7 16. Ne2 Nac5 17. Qe3 a5 18. Rfd1 Rfd8 19. b3 f6 20. Ne1 Rd6 21. Rxd6 Qxd6 22. f3 Rd8 23. Nc3 Nd4 24. Rd1 Na6 25. Kf1 Nb4 26. Qf2 Qe7 27. Rd2 Rd6 28. Nb1 Na6 29. Na3 b5 30. axb5 cxb5 31. c3 Nxb3 32. Rxd6 Qxd6 33. Nxb5 Qc6 34. Qe2 Nac5 35. Nc2 Ne6 36. g3 Nc1 0-1

[Event "Keres mem (29th)"]
[Site "Vancouver CAN"]
[Date "2004.05.23"]
[Round "5.2"]
[White "Yoos, John"]
[Black "Oszvald, Joseph"]
[Result "1-0"]
[WhiteElo "2442"]
[BlackElo "2113"]
[PlyCount "49"]
[GameId "2160767911145812"]
[EventDate "2004.05.21"]
[EventType "swiss"]
[EventRounds "7"]
[EventCountry "CAN"]
[SourceTitle "LesEchecs.com"]
[Source "LesEchecs.com"]
[SourceDate "2003.03.18"]
[SourceVersion "1"]
[SourceVersionDate "2003.01.01"]
[SourceQuality "1"]

1. e4 g6 2. d4 Bg7 3. Nc3 c5 4. dxc5 Qa5 5. Nf3 Bxc3+ 6. bxc3 Qxc3+ 7. Bd2 Qxc5 8. Bd3 d6 9. O-O Nd7 10. Rb1 Qc7 11. Nd4 a6 12. Kh1 b6 13. f4 Bb7 14. Rb3 Nc5 15. Rc3 Qd7 16. Qe2 Nf6 17. e5 Nd5 18. Ra3 Nxd3 19. Rxd3 Rc8 20. e6 fxe6 21. Nxe6 Rxc2 22. f5 Nf6 23. fxg6 Be4 24. g7 Rg8 25. Qxe4 1-0

[Event "Keres mem (29th)"]
[Site "Vancouver CAN"]
[Date "2004.05.23"]
[Round "5.3"]
[White "Davies, Lucas"]
[Black "Ferguson, Jim"]
[Result "1/2-1/2"]
[WhiteElo "2115"]
[BlackElo "2111"]
[PlyCount "91"]
[GameId "2160767911145813"]
[EventDate "2004.05.21"]
[EventType "swiss"]
[EventRounds "7"]
[EventCountry "CAN"]
[SourceTitle "LesEchecs.com"]
[Source "LesEchecs.com"]
[SourceDate "2003.03.18"]
[SourceVersion "1"]
[SourceVersionDate "2003.01.01"]
[SourceQuality "1"]

1. e4 e5 2. Nf3 Nc6 3. Bb5 a6 4. Ba4 Nf6 5. O-O Be7 6. Re1 b5 7. Bb3 O-O 8. c3 d6 9. h3 h6 10. d4 Re8 11. Nbd2 Bf8 12. Nf1 Bb7 13. Ng3 g6 14. a4 Bg7 15. Bc2 Qb8 16. Bd2 h5 17. d5 Ne7 18. Qe2 c6 19. c4 bxc4 20. dxc6 Bxc6 21. Qxc4 Qb7 22. Qa2 Rab8 23. b4 Rf8 24. Rab1 Qd7 25. Bb3 Qe8 26. Bc3 Bh6 27. Rbd1 Rd8 28. Rd3 Bf4 29. Nd2 Bxd2 30. Bxd2 h4 31. Bg5 Nh7 32. Bxe7 Qxe7 33. Nf1 Qb7 34. Nd2 Qxb4 35. Rc1 Qb7 36. Rdc3 Bxe4 37. Rc7 Qa8 38. Bxf7+ Kh8 39. Qc4 Ng5 40. Nxe4 Qxe4 41. Qxe4 Nxe4 42. Bxg6 Ng5 43. R1c4 e4 44. Bxe4 d5 45. R4c6 Nxe4 46. Rh6+ 1/2-1/2

[Event "Keres mem (29th)"]
[Site "Vancouver CAN"]
[Date "2004.05.23"]
[Round "5.4"]
[White "North, Robert"]
[Black "Arapovic, Vitomir"]
[Result "0-1"]
[WhiteElo "2081"]
[BlackElo "2322"]
[PlyCount "64"]
[GameId "2160767911145814"]
[EventDate "2004.05.21"]
[EventType "swiss"]
[EventRounds "7"]
[EventCountry "CAN"]
[SourceTitle "LesEchecs.com"]
[Source "LesEchecs.com"]
[SourceDate "2003.03.18"]
[SourceVersion "1"]
[SourceVersionDate "2003.01.01"]
[SourceQuality "1"]

1. c4 g6 2. g3 Bg7 3. Bg2 e5 4. Nc3 Nc6 5. e4 d6 6. Nge2 f5 7. d3 Nf6 8. exf5 Bxf5 9. O-O O-O 10. a3 Qd7 11. Nd5 Bh3 12. Nxf6+ Bxf6 13. Bh6 Bxg2 14. Kxg2 Bg7 15. Bxg7 Kxg7 16. Qd2 d5 17. Qc3 Rae8 18. b4 d4 19. Qb2 Ne7 20. Rae1 Nf5 21. Nc1 h5 22. h3 h4 23. g4 Nh6 24. f3 Nf7 25. Qf2 Ng5 26. Qd2 Nf7 27. Qf2 Ng5 28. Qd2 Ne6 29. Ne2 b5 30. c5 Qd5 31. Qc2 a5 32. Ra1 Ra8 0-1

[Event "Keres mem (29th)"]
[Site "Vancouver CAN"]
[Date "2004.05.23"]
[Round "5.5"]
[White "Yousefzadeh, Mehrdad"]
[Black "Kyriakides, Savvas"]
[Result "0-1"]
[WhiteElo "1987"]
[BlackElo "1797"]
[PlyCount "140"]
[GameId "2160767911145815"]
[EventDate "2004.05.21"]
[EventType "swiss"]
[EventRounds "7"]
[EventCountry "CAN"]
[SourceTitle "LesEchecs.com"]
[Source "LesEchecs.com"]
[SourceDate "2003.03.18"]
[SourceVersion "1"]
[SourceVersionDate "2003.01.01"]
[SourceQuality "1"]

1. d4 Nf6 2. c4 g6 3. Nc3 d6 4. e4 Bg7 5. f3 O-O 6. Be3 Nbd7 7. Bd3 c5 8. Nge2 a6 9. Qd2 cxd4 10. Bxd4 Ne5 11. O-O Bd7 12. Rac1 Rc8 13. b3 Bc6 14. Rfd1 Nh5 15. Bb1 Qc7 16. Be3 Rcd8 17. Nd5 Bxd5 18. Qxd5 Nc6 19. Qd2 Ne5 20. Nc3 e6 21. Qf2 Qe7 22. Rd2 Rc8 23. Ne2 Rfd8 24. h3 b5 25. f4 Nd7 26. Bd3 bxc4 27. Bxc4 a5 28. Rcd1 Nc5 29. Qf3 Nf6 30. Ng3 Bf8 31. e5 dxe5 32. fxe5 Rxd2 33. Rxd2 Nfd7 34. Bd4 Qg5 35. Rf2 Qe7 36. Bb5 Bg7 37. Qe3 Qh4 38. Rf4 Qg5 39. h4 Qd8 40. Qf2 Nxe5 41. Bxc5 Qd1+ 42. Bf1 Nd3 43. Qf3 Qxf3 44. Rxf3 Nxc5 45. Bc4 h5 46. Kf1 Rd8 47. Ne2 Rd1+ 48. Kf2 Ne4+ 49. Ke3 Nd2 50. Rf2 Nxc4+ 51. bxc4 f5 52. g3 e5 53. Nc3 Bh6+ 54. Ke2 Rc1 55. Nd5 Rxc4 56. Kf3 Kf7 57. Rb2 Ke6 58. Rb5 e4+ 59. Kg2 Rc2+ 60. Kh3 Rxa2 61. Nc7+ Kd7 62. Nd5 Kc6 63. Rb6+ Kxd5 64. Rxg6 e3 65. Rg8 Ke4 66. Re8+ Kf3 67. Re5 e2 68. Rxf5+ Ke4 69. Rf7 Be3 70. Re7+ Kd3 0-1

[Event "Keres mem (29th)"]
[Site "Vancouver CAN"]
[Date "2004.05.23"]
[Round "5.6"]
[White "Milicevic, Dragoljub"]
[Black "Burke, Paul"]
[Result "1-0"]
[WhiteElo "2209"]
[BlackElo "2019"]
[PlyCount "45"]
[GameId "2160767911145816"]
[EventDate "2004.05.21"]
[EventType "swiss"]
[EventRounds "7"]
[EventCountry "CAN"]
[SourceTitle "LesEchecs.com"]
[Source "LesEchecs.com"]
[SourceDate "2003.03.18"]
[SourceVersion "1"]
[SourceVersionDate "2003.01.01"]
[SourceQuality "1"]

1. g3 e6 2. Bg2 d5 3. d3 c5 4. Nd2 Nc6 5. e4 d4 6. f4 Nf6 7. a4 Be7 8. Ngf3 O-O 9. O-O b6 10. Nc4 Bb7 11. Ng5 h6 12. Nh3 Qc7 13. g4 e5 14. g5 hxg5 15. Nxg5 Rae8 16. fxe5 Nh7 17. Nxh7 Kxh7 18. Qh5+ Kg8 19. Rf3 f6 20. e6 Bc8 21. Bh3 Bd8 22. Bf5 g5 23. Rh3 1-0

[Event "Keres mem (29th)"]
[Site "Vancouver CAN"]
[Date "2004.05.23"]
[Round "5.7"]
[White "Gansvind, Valeriya"]
[Black "Mandic, Slaven"]
[Result "1-0"]
[WhiteElo "2311"]
[BlackElo "1970"]
[PlyCount "145"]
[GameId "2160767911145817"]
[EventDate "2004.05.21"]
[EventType "swiss"]
[EventRounds "7"]
[EventCountry "CAN"]
[SourceTitle "LesEchecs.com"]
[Source "LesEchecs.com"]
[SourceDate "2003.03.18"]
[SourceVersion "1"]
[SourceVersionDate "2003.01.01"]
[SourceQuality "1"]

1. d4 e6 2. c4 f5 3. g3 Nf6 4. Bg2 d5 5. Nh3 c6 6. Qc2 Be7 7. Bg5 O-O 8. O-O Qe8 9. Bxf6 Bxf6 10. e3 Kh8 11. f4 Na6 12. Nd2 Bd7 13. Nf2 Rc8 14. c5 g5 15. Nf3 g4 16. Ne5 Kg7 17. Nfd3 h5 18. Kf2 h4 19. Rh1 Rh8 20. a3 Qe7 21. b4 Rh6 22. Qb2 Rch8 23. Rab1 hxg3+ 24. hxg3 Rxh1 25. Rxh1 Rxh1 26. Bxh1 Be8 27. Kg1 Nc7 28. Bg2 a6 29. Bf1 Qd8 30. Nc1 Qa8 31. Nb3 Qb8 32. Bd3 Qc8 33. a4 Qa8 34. Qe2 Bf7 35. Qh2 Bg6 36. Na5 Qc8 37. Qc2 Be8 38. Qe2 Bh5 39. Bc2 Qa8 40. Nd7 Be7 41. Qh2 Be8 42. Nb6 Qb8 43. Nb3 Bf6 44. Bd1 Be7 45. Nc1 Bg6 46. Nd3 Qd8 47. Ne5 Bf6 48. Qc2 Be8 49. Be2 Bh5 50. Qd1 Bg6 51. Nbd7 Be7 52. Nxg6 Kxg6 53. Ne5+ Kh7 54. Qc2 Kg7 55. Bxg4 Bf6 56. Bd1 Bxe5 57. fxe5 Qg5 58. Qf2 Ne8 59. Qf4 Kg6 60. Be2 Ng7 61. Kf2 Qd8 62. Kg2 Qc7 63. Qh4 b6 64. g4 bxc5 65. bxc5 Qa5 66. g5 Qd2 67. Qh6+ Kf7 68. g6+ Kf8 69. Qh8+ Ke7 70. Qxg7+ Kd8 71. Qf8+ Kc7 72. Kf2 f4 73. Qxf4 1-0

[Event "Keres mem (29th)"]
[Site "Vancouver CAN"]
[Date "2004.05.23"]
[Round "5.8"]
[White "Adam, Valerian"]
[Black "Steininger, Gavin"]
[Result "1-0"]
[WhiteElo "2292"]
[BlackElo "1951"]
[PlyCount "92"]
[GameId "2160767911145818"]
[EventDate "2004.05.21"]
[EventType "swiss"]
[EventRounds "7"]
[EventCountry "CAN"]
[SourceTitle "LesEchecs.com"]
[Source "LesEchecs.com"]
[SourceDate "2003.03.18"]
[SourceVersion "1"]
[SourceVersionDate "2003.01.01"]
[SourceQuality "1"]

1. e4 c5 2. c4 Nc6 3. Ne2 g6 4. d4 cxd4 5. Nxd4 Bg7 6. Be3 Nh6 7. Be2 O-O 8. Nc3 d6 9. Qd2 Ng4 10. Bxg4 Bxg4 11. O-O a6 12. Rac1 Rc8 13. b3 Qa5 14. f3 Be6 15. Rfd1 Rfd8 16. Rc2 Nxd4 17. Bxd4 Bxd4+ 18. Qxd4 Qc5 19. Qxc5 Rxc5 20. a4 Rdc8 21. Rcd2 f6 22. Kf2 Kf7 23. Ke3 Rh5 24. h3 Rg5 25. g4 Rgc5 26. f4 Rh8 27. f5 Bd7 28. Nd5 Rc6 29. a5 Rc5 30. Ra1 g5 31. Kd4 Be8 32. b4 Rc8 33. Nb6 Rc7 34. Rh2 h5 35. Rah1 h4 36. Rc1 Bc6 37. Rf2 Rd8 38. Rc3 Be8 39. Rb2 Rb8 40. Ra3 Rcc8 41. Rc3 Rc7 42. Nd5 Rcc8 43. b5 Rc5 44. bxa6 Rxa5 45. Rxb7 Ra8 46. Rxe7+ Kf8 1-0

[Event "Keres mem (29th)"]
[Site "Vancouver CAN"]
[Date "2004.05.23"]
[Round "5.9"]
[White "Daroza, Eduardo"]
[Black "Meng, Fanhao"]
[Result "1/2-1/2"]
[WhiteElo "2137"]
[BlackElo "2300"]
[PlyCount "99"]
[GameId "2160767911145819"]
[EventDate "2004.05.21"]
[EventType "swiss"]
[EventRounds "7"]
[EventCountry "CAN"]
[SourceTitle "LesEchecs.com"]
[Source "LesEchecs.com"]
[SourceDate "2003.03.18"]
[SourceVersion "1"]
[SourceVersionDate "2003.01.01"]
[SourceQuality "1"]

1. Nf3 d5 2. c4 e6 3. g3 Nf6 4. Bg2 c5 5. cxd5 exd5 6. d4 Nc6 7. O-O Be6 8. Nc3 cxd4 9. Nxd4 Be7 10. Be3 O-O 11. Nxc6 bxc6 12. Na4 Qa5 13. Qc2 Rfe8 14. a3 Qb5 15. Bc5 Bxc5 16. Nxc5 Rab8 17. b4 Bg4 18. e3 a5 19. Rab1 axb4 20. Rxb4 Qa5 21. Rfb1 Rxb4 22. axb4 Qa3 23. Qb3 Qxb3 24. Nxb3 Rb8 25. Ra1 Kf8 26. Nd4 Bd7 27. Rc1 Rb6 28. f3 Ke7 29. Bf1 Kd6 30. Rb1 Kc7 31. Bd3 Ne8 32. e4 Kd6 33. Kf2 g6 34. Ke3 dxe4 35. Bxe4 f5 36. Bd3 Nc7 37. Bc4 Nd5+ 38. Bxd5 Kxd5 39. Rd1 Kc4 40. Ne2 Bc8 41. Rd4+ Kb3 42. Nc1+ Ka3 43. Nd3 Ba6 44. Ne5 Rxb4 45. Rxb4 Kxb4 46. Nxc6+ Kc5 47. Ne5 Kd6 48. Nf7+ Ke7 49. Ne5 Ke6 50. f4 1/2-1/2

[Event "Keres mem (29th)"]
[Site "Vancouver CAN"]
[Date "2004.05.23"]
[Round "5.10"]
[White "Sladek, Vaclav"]
[Black "Neufahrt, Gerhard"]
[Result "0-1"]
[WhiteElo "2000"]
[BlackElo "2052"]
[PlyCount "42"]
[GameId "2160767911145820"]
[EventDate "2004.05.21"]
[EventType "swiss"]
[EventRounds "7"]
[EventCountry "CAN"]
[SourceTitle "LesEchecs.com"]
[Source "LesEchecs.com"]
[SourceDate "2003.03.18"]
[SourceVersion "1"]
[SourceVersionDate "2003.01.01"]
[SourceQuality "1"]

1. d4 Nf6 2. Bg5 d5 3. e3 Bf5 4. Bd3 Qd7 5. Nf3 Ne4 6. Bf4 Nc6 7. c3 f6 8. Qc2 g5 9. Bg3 h5 10. h3 Nxg3 11. fxg3 Bxd3 12. Qxd3 Rh6 13. Nbd2 e5 14. dxe5 Nxe5 15. Nxe5 fxe5 16. e4 O-O-O 17. exd5 c6 18. O-O-O cxd5 19. Qe3 d4 20. cxd4 exd4 21. Qxg5 Qh7 0-1

[Event "Keres mem (29th)"]
[Site "Vancouver CAN"]
[Date "2004.05.23"]
[Round "5.11"]
[White "Schuetzhold, Ralf"]
[Black "Angelvette, Duane"]
[Result "1/2-1/2"]
[WhiteElo "2051"]
[BlackElo "1686"]
[PlyCount "48"]
[GameId "2160767911145821"]
[EventDate "2004.05.21"]
[EventType "swiss"]
[EventRounds "7"]
[EventCountry "CAN"]
[SourceTitle "LesEchecs.com"]
[Source "LesEchecs.com"]
[SourceDate "2003.03.18"]
[SourceVersion "1"]
[SourceVersionDate "2003.01.01"]
[SourceQuality "1"]

1. e4 e5 2. Nf3 d6 3. d4 f5 4. Nc3 fxe4 5. Nxe4 d5 6. Nc3 e4 7. Ne5 Nf6 8. Be2 Bf5 9. Bg5 c6 10. O-O Nbd7 11. f3 Bg6 12. Kh1 exf3 13. Bxf3 Qc7 14. Nxd7 Qxd7 15. Re1+ Be7 16. Qe2 Kf7 17. Qf2 Rhd8 18. Bf4 Qf5 19. Be5 Kg8 20. Re2 Rf8 21. Rf1 Bb4 22. Qe1 Ne4 23. Kg1 Qg5 24. a3 Ba5 1/2-1/2